=LDR 00000nam 2200000 4500 =001 NUTBA000000000005462 =005 20141030113939.0 =006 =007 =008 =035 ##$$a 0010-101400000000692 =040 ##$$a NBPDMAT =082 ##$$a 372.8 =090 ##$$a 372.8 $b Aru l =100 ##$$a Arum Puspita =245 ##$$a LKS utama IPS untuk SMP / MTS kelas 7 semester 2 / $c penyusun Arum Puspita =250 ##$$a Cet.1 =260 ##$$a Jakarta : $b Widya Utama, $c 2010 =300 ##$$a 80 hlm. : $b ilus. ; $c 29 cm. =650 ##$$a IPS - SMP - Soal dan Latihan =850 ##$$a NBPDMAT